THE HOLOGRAPHIC PARADIGM AND OTHER PARADOXES EXPLORING THE LEADING EDGE OF SCIENCE / (Record no. 616822)

000 -LEADER
fixed length control field 00391nam a22001337a 4500
020 ## - INTERNATIONAL STANDARD BOOK NUMBER
Qualifying information PB.
040 ## - CATALOGING SOURCE
Transcribing agency FIZZA ISHAQ
082 ## - DEWEY DECIMAL CLASSIFICATION NUMBER
Classification number 501
100 ## - MAIN ENTRY--PERSONAL NAME
Personal name WILBER,KEN.
9 (RLIN) 133843
245 ## - TITLE STATEMENT
Title THE HOLOGRAPHIC PARADIGM AND OTHER PARADOXES EXPLORING THE LEADING EDGE OF SCIENCE /
Statement of responsibility, etc. KEN WILBER.
260 ## - PUBLICATION, DISTRIBUTION, ETC.
Place of publication, distribution, etc. NEW YORK ;
Name of publisher, distributor, etc. NEW SCIENCE LIBRARY,
Date of publication, distribution, etc. 1982.
300 ## - PHYSICAL DESCRIPTION
Extent 301 P. ;
Dimensions 9.1X6.1IN
942 ## - ADDED ENTRY ELEMENTS (KOHA)
Source of classification or shelving scheme
Koha item type Book
Holdings
Withdrawn status Lost status Source of classification or shelving scheme Damaged status Not for loan Permanent Location Current Location Shelving location Date acquired Total Checkouts Full call number Barcode Date last seen Price effective from Koha item type
          NUST Baluchistan Campus (NBC) NUST Baluchistan Campus (NBC) Reference 04/03/2026   501 QD-468 04/03/2026 04/03/2026 Book
© 2023 Central Library, National University of Sciences and Technology. All Rights Reserved.